Normal view
MARC view
Entry Nombre personal
001 - NÚMERO DE CONTROL
- campo de control: 6300
003 - IDENTIFICADOR DEL NÚMERO DE CONTROL
- campo de control: BNPHU
005 - FECHA Y HORA DE LA ÚLTIMA TRANSACCIÓN
- campo de control: 20240305094403.0
008 - DATOS DE LONGITUD FIJA
- campo de control de longitud fija: 200615|| aca||aabn | a|a d
040 ## - FUENTE DE LA CATALOGACIÓN
- Centro catalogador/agencia de origen: DO-SdBNP
- Lengua de catalogación: spa
- Centro/agencia transcriptor: BNPHU
- Normas de descripción: rda
100 1# - ENCABEZAMIENTO-NOMBRE DE PERSONA
- Nombre de persona: Duarte Canaán, Pedro J.,
- Fechas asociadas al nombre: 1963-
372 ## - CAMPO DE ACTIVIDAD
- Campo de actividad: Derecho
374 ## - OCUPACIÓN
- Ocupación: Abogado
375 ## - GÉNERO/SEXO
- Género/Sexo: Masculino
377 ## - LENGUA/LENGUAJE ASOCIADO
- Código del idioma: spa
400 1# - TRAZADO DE VÉASE--NOMBRE DE PERSONA
- Nombre de persona: Canaan, Pedro J. Duarte,
- Fechas asociadas al nombre: 1963-
670 ## - FUENTE DE DATOS ENCONTRADOS
- Cita de la fuente: Work cat.: (OSt)1808: Duarte Canaán, Pedro J., El contrainterrogatorio :, 2009.
670 ## - FUENTE DE DATOS ENCONTRADOS
- Cita de la fuente: El estupro, 1996
- Información encontrada: (Dr. Pedro J. Duarte Canaán; profesor de Medicina Forense y Criminología, Univ. Católica Santo Domingo)
